Příběhy z ghetta : vyprávění o osudech obyvatel boskovické židovské čtvrti /

Hlavní autor: Janíková, Helena, 1957-2023
Jazyk: Čeština
Vydáno: Boskovice : Ohlasy, 2024
Vydání: Vydání první
Témata:
Fyzický popis: 106 stran ; ilustrace ; 22 cm
Knihy
Uloženo v:
LEADER 01981nam a2200553 i 4500
001 nkc20253674825
003 CZ PrNK
005 20250320151246.0
007 ta
008 250228s2024 xr a e 000 0ccze
015 |a cnb003674825 
020 |a 978-80-11-06508-9  |q (v knize neuvedeno ;  |q brožováno) 
035 |a (OCoLC)1514348416 
040 |a BOA001  |b cze  |d ABA001  |e rda 
043 |a e-xr---  |b e-xr-jm  |2 czenas 
072 7 |a 94(437)  |x Dějiny Česka a Slovenska  |2 Konspekt  |9 8 
072 7 |a 929  |x Biografie  |2 Konspekt  |9 8 
080 |a (=411.16)  |2 MRF 
080 |a 94(=411.16)  |2 MRF 
080 |a 911.375.64(=411.16)  |2 MRF 
080 |a 929  |2 MRF 
080 |a 94(437.322)  |2 MRF 
080 |a (437.322)  |2 MRF 
080 |a (0:82-96)  |2 MRF 
100 1 |a Janíková, Helena,  |d 1957-2023  |7 mzk20251255057  |4 aut 
245 1 0 |a Příběhy z ghetta :  |b vyprávění o osudech obyvatel boskovické židovské čtvrti /  |c Helena Janíková 
250 |a Vydání první 
264 1 |a Boskovice :  |b Ohlasy,  |c 2024 
300 |a 106 stran ;  |b ilustrace ;  |c 22 cm 
336 |a text  |b txt  |2 rdacontent 
337 |a bez média  |b n  |2 rdamedia 
338 |a svazek  |b nc  |2 rdacarrier 
650 0 7 |a Židé  |7 ph127782  |z Česko  |2 czenas 
650 0 7 |a dějiny Židů  |7 ph489410  |z Česko  |2 czenas 
650 0 7 |a židovská ghetta  |7 ph120068  |z Česko  |2 czenas 
650 0 9 |a Jews  |z Czechia  |2 eczenas 
650 0 9 |a history of the Jews  |z Czechia  |2 eczenas 
650 0 9 |a Jewish ghettos  |z Czechia  |2 eczenas 
651 7 |a Boskovice (Česko)  |7 ge128800  |x dějiny  |2 czenas 
651 9 |a Boskovice (Czechia)  |x history  |2 eczenas 
655 7 |a biografické příběhy  |7 fd131953  |2 czenas 
655 7 |a literatura faktu  |7 fd132773  |2 czenas 
655 9 |a biographical stories  |2 eczenas 
655 9 |a non-fiction  |2 eczenas 
910 2 |a BOA001  |b 2-1486.573 
990 |a BK 
995 |a 01 
991 |b 202503  |c NOV 
996 6 |b 2610997181  |c 2-1486.573  |l MZK  |r Sklad / do 1 hodiny  |n 0  |p p.v.  |w 001997160  |u 000010  |a 1  |e BOA001  |j MZK50  |s P